000 004290000a22001810004500
003 MACL
005 20150830163542.0
008 150830b xxu||||| |||| 00| 0 eng d
040 _aMACL
_cMACL
041 _aEnglish
082 _a800
100 _aAppasamy, Jaya
_97793
245 _aThe Critical Vision
260 _bLalit Kala Academy
_c1985
_aNew Delhi
350 _a50
650 _aLiterature
_98101
942 _cBK
_k800
_2ddc
999 _c5454
_d5454